Fuzzy Topology (Record no. 610682)

000 -LEADER
fixed length control field 00327nam a22001337a 4500
020 ## - INTERNATIONAL STANDARD BOOK NUMBER
International Standard Book Number 97881731944436
040 ## - CATALOGING SOURCE
Transcribing agency Nust
082 ## - DEWEY DECIMAL CLASSIFICATION NUMBER
Classification number 514
Author Mark PAL
100 ## - MAIN ENTRY--PERSONAL NAME
Personal name N. Planiappan
9 (RLIN) 124914
245 ## - TITLE STATEMENT
Title Fuzzy Topology
260 ## - PUBLICATION, DISTRIBUTION, ETC.
Place of publication, distribution, etc. New Delhi:
Name of publisher, distributor, etc. Narosa Publishing House,
Date of publication, distribution, etc. 2002.
650 ## - SUBJECT ADDED ENTRY--TOPICAL TERM
Topical term or geographic name entry element Fuzzy Topology
9 (RLIN) 67224
942 ## - ADDED ENTRY ELEMENTS (KOHA)
Source of classification or shelving scheme
Koha item type Book
Holdings
Withdrawn status Lost status Source of classification or shelving scheme Damaged status Not for loan Permanent Location Current Location Shelving location Date acquired Total Checkouts Full call number Barcode Date last seen Price effective from Koha item type
          College of Electrical & Mechanical Engineering (CEME) College of Electrical & Mechanical Engineering (CEME) General Stacks 07/31/2024   514 PAL CEME- 39120 07/31/2024 07/31/2024 Book
© 2023 Central Library, National University of Sciences and Technology. All Rights Reserved.